Statistics for Countries of the World Quiz (Hard Version)

Click here to take the quiz!

General Stats

  • This quiz has been taken 41 times
  • The average score is 149 of 196

Answers on the Map

Answers color-coded by a green-red scale on the quiz's map according to % correct below.
 

Answer Stats

Country% Correct
United States
97%
Canada
90%
Mexico
87%
Russia
87%
China
84%
Costa Rica
84%
Dominican Republic
84%
Iceland
84%
United Kingdom
84%
Central African Republic
81%
Cuba
81%
Democratic Republic
of the Congo
81%
Denmark
81%
Honduras
81%
India
81%
Ireland
81%
Lithuania
81%
Mongolia
81%
New Zealand
81%
Norway
81%
Panama
81%
Poland
81%
Qatar
81%
Romania
81%
Rwanda
81%
Sweden
81%
Algeria
77%
Angola
77%
Argentina
77%
Australia
77%
Austria
77%
Azerbaijan
77%
Bahrain
77%
Belgium
77%
Belize
77%
Benin
77%
Botswana
77%
Brazil
77%
Burkina Faso
77%
Cameroon
77%
Cape Verde
77%
Chile
77%
Colombia
77%
Dominica
77%
Ecuador
77%
Egypt
77%
El Salvador
77%
Eritrea
77%
Ethiopia
77%
Finland
77%
Germany
77%
Guatemala
77%
Guinea
77%
Indonesia
77%
Israel
77%
Ivory Coast
77%
Jamaica
77%
Jordan
77%
Kenya
77%
Kuwait
77%
Latvia
77%
Lebanon
77%
Liberia
77%
Mali
77%
Mauritania
77%
Mauritius
77%
Morocco
77%
Nicaragua
77%
Niger
77%
Nigeria
77%
North Korea
77%
Papua New Guinea
77%
Philippines
77%
Republic of the Congo
77%
Saint Kitts and Nevis
77%
Saudi Arabia
77%
Serbia
77%
Sierra Leone
77%
Somalia
77%
South Africa
77%
South Korea
77%
South Sudan
77%
Sudan
77%
Suriname
77%
Tanzania
77%
Tunisia
77%
Turkmenistan
77%
Uganda
77%
Ukraine
77%
United Arab Emirates
77%
Venezuela
77%
Yemen
77%
Afghanistan
74%
Albania
74%
Andorra
74%
Armenia
74%
Bahamas
74%
Barbados
74%
Belarus
74%
Bolivia
74%
Bulgaria
74%
Burundi
74%
Cambodia
74%
Comoros
74%
Croatia
74%
Cyprus
74%
Czech Republic
74%
East Timor
74%
Eswatini
74%
Federated States of
Micronesia
74%
Fiji
74%
France
74%
Gabon
74%
Gambia
74%
Georgia
74%
Ghana
74%
Greece
74%
Grenada
74%
Guinea-Bissau
74%
Guyana
74%
Haiti
74%
Iran
74%
Iraq
74%
Japan
74%
Kazakhstan
74%
Laos
74%
Libya
74%
Luxembourg
74%
Madagascar
74%
Malawi
74%
Marshall Islands
74%
Moldova
74%
Monaco
74%
Montenegro
74%
Myanmar
74%
Namibia
74%
Nepal
74%
Netherlands
74%
Oman
74%
Pakistan
74%
Paraguay
74%
Peru
74%
Portugal
74%
Saint Vincent and the
Grenadines
74%
Samoa
74%
San Marino
74%
Senegal
74%
Singapore
74%
Slovakia
74%
Slovenia
74%
Solomon Islands
74%
Spain
74%
Syria
74%
Taiwan
74%
Tajikistan
74%
Thailand
74%
Togo
74%
Tonga
74%
Trinidad and Tobago
74%
Turkey
74%
Uruguay
74%
Uzbekistan
74%
Vatican City
74%
Vietnam
74%
Zambia
74%
Zimbabwe
74%
Bhutan
71%
Bosnia and
Herzegovina
71%
Brunei
71%
Chad
71%
Djibouti
71%
Equatorial Guinea
71%
Estonia
71%
Hungary
71%
Italy
71%
Kiribati
71%
Kosovo
71%
Kyrgyzstan
71%
Lesotho
71%
Liechtenstein
71%
Malaysia
71%
Maldives
71%
Malta
71%
Mozambique
71%
Nauru
71%
Palau
71%
Saint Lucia
71%
São Tomé and Príncipe
71%
Seychelles
71%
Sri Lanka
71%
Switzerland
71%
Tuvalu
71%
Antigua and Barbuda
68%
Bangladesh
68%
North Macedonia
68%
Vanuatu
68%

Score Distribution

Percentile by Number Answered

Percent of People with Each Score

Your Score History

You have not taken this quiz